Score 0/36 Timer 05:00
0 Plays Today
% Correct
Bulls
96.1%
Babe
93.9%
Bugs Bunny
93.8%
Bears
93.4%
Black Swan
92.3%
Bush
92.2%
Bob the Builder
91.8%
The Blind Side
91.2%
Braves
86.9%
Bay Breeze
86.2%
Beastie Boys
85.8%
Brave New World
85.6%
Bloody Mary
85.3%
Black Beauty
84.5%
Bruins
84.4%
Beauty and the Beast
84.4%
Backstreet Boys
83.2%
The Big Sleep
82.6%
% Correct
Bambi
81.6%
Bahama Mama
81.5%
Babel
77.2%
Blackhawks
73.9%
Broncos
70.9%
Beloved
70.4%
Brokeback Mountain
66.7%
The Beatles
66.3%
Black Russian
54%
Buttery Nipple
54%
Barney Rubble
52.2%
Blondie
47.8%
Bullwinkle
40%
Brandy Alexander
39.3%
Baba Looey
33.7%
Brideshead Revisited
32.8%
Barenaked Ladies
30.6%
Blood Meridian
11.8%

You're not logged in!

Compare scores with friends on all Sporcle quizzes.
OR
Log In

Sporcle TV

Today on Sporcle TV


Watch our educational content, quiz creation guides, and fun videos on Sporcle TV.

Show Comments

Extras

Top Quizzes Today


Score Distribution

Your Account Isn't Verified!

In order to create a playlist on Sporcle, you need to verify the email address you used during registration. Go to your Sporcle Settings to finish the process.

Report this User

Report this user for behavior that violates our Community Guidelines.

Details: